Can you name all 28 EU countries? Quiz Stats

 Plays Quiz not verified by Sporcle

Score 0/28 Timer 07:00
3 Plays Today
Hint Answer % Correct
France
98.1%
Germany
97.1%
Spain
97%
Italy
94.4%
Ireland
93.5%
Portugal
92.9%
Belgium
89.5%
Denmark
89.2%
Poland
88.5%
Sweden
88.5%
Greece
86.3%
Netherlands
83.2%
Finland
83.1%
Austria
81.5%
Hint Answer % Correct
Croatia
76.9%
United Kingdom
76%
Hungary
73.8%
Latvia
73.2%
Lithuania
73.2%
Czech Republic
72.6%
Estonia
71.2%
Slovakia
70.7%
Romania
68.3%
Luxembourg
67%
Slovenia
67%
Bulgaria
62.1%
Malta
58.9%
Cyprus
55.3%

You're not logged in!

Compare scores with friends on all Sporcle quizzes.
OR
Log In

Show Comments

Extras

Created Feb 7, 2017ReportNominate
Tags:Country Quiz

Top Quizzes Today


Score Distribution

Your Account Isn't Verified!

In order to create a playlist on Sporcle, you need to verify the email address you used during registration. Go to your Sporcle Settings to finish the process.

Report this User

Report this user for behavior that violates our Community Guidelines.

Details: